Industrial electronics handbook / (Record no. 61426)
[ view plain ]
| 000 -LEADER | |
|---|---|
| fixed length control field | 01064cam a22003131 4500 |
| 001 - CONTROL NUMBER | |
| control field | 9342369 |
| 003 - CONTROL NUMBER IDENTIFIER | |
| control field | NUST-PNEC |
| 005 - DATE AND TIME OF LATEST TRANSACTION | |
| control field | 20170116180722.0 |
| 008 - FIXED-LENGTH DATA ELEMENTS--GENERAL INFORMATION | |
| fixed length control field | 720420s1958 nyua bf 000 0 eng |
| 010 ## - LIBRARY OF CONGRESS CONTROL NUMBER | |
| LC control number | 57008620 |
| 015 ## - NATIONAL BIBLIOGRAPHY NUMBER | |
| National bibliography number | GB58-17487 |
| 020 ## - INTERNATIONAL STANDARD BOOK NUMBER | |
| International Standard Book Number | 0070115362 |
| 035 ## - SYSTEM CONTROL NUMBER | |
| System control number | (OCoLC)289572 |
| 040 ## - CATALOGING SOURCE | |
| Original cataloging agency | DLC |
| Transcribing agency | PNEC |
| 042 ## - AUTHENTICATION CODE | |
| Authentication code | premarc |
| 050 00 - LIBRARY OF CONGRESS CALL NUMBER | |
| Classification number | TK7825 |
| Item number | .C6 |
| 082 ## - DEWEY DECIMAL CLASSIFICATION NUMBER | |
| Classification number | 621.38 COC |
| 100 1# - MAIN ENTRY--PERSONAL NAME | |
| Personal name | Cockrell, William D., |
| Relator term | ed. |
| 245 10 - TITLE STATEMENT | |
| Title | Industrial electronics handbook / |
| Statement of responsibility, etc. | William D. Cockrell |
| 250 ## - EDITION STATEMENT | |
| Edition statement | 1st ed. |
| 260 ## - PUBLICATION, DISTRIBUTION, ETC. | |
| Place of publication, distribution, etc. | New York, |
| Name of publisher, distributor, etc. | McGraw-Hill, |
| Date of publication, distribution, etc. | 1958. |
| 300 ## - PHYSICAL DESCRIPTION | |
| Extent | 1 v. (various pagings) |
| Other physical details | ill, diagrs., tables. |
| Dimensions | 24 cm. |
| 490 0# - SERIES STATEMENT | |
| Series statement | McGraw-Hill handbooks |
| 500 ## - GENERAL NOTE | |
| General note | http://www.amazon.com/Industrial-Electronics-Handbook-William-Cockrell/dp/0070115362/ref=sr_1_1?s=books&ie=UTF8&qid=1414400032&sr=1-1&keywords=INDUSTRIAL+ELECTRONICS+HANDBOOK+1958 |
| 504 ## - BIBLIOGRAPHY, ETC. NOTE | |
| Bibliography, etc. note | Includes bibliographies. |
| 650 #0 - SUBJECT ADDED ENTRY--TOPICAL TERM | |
| Topical term or geographic name entry element | Electronics |
| Form subdivision | Handbooks, manuals, etc. |
| General subdivision | EL |
| 906 ## - LOCAL DATA ELEMENT F, LDF (RLIN) | |
| a | 7 |
| b | cbc |
| c | oclcrpl |
| d | u |
| e | ncip |
| f | 19 |
| g | y-gencatlg |
| 942 ## - ADDED ENTRY ELEMENTS (KOHA) | |
| Source of classification or shelving scheme | |
| Koha item type | Book |
| Withdrawn status | Lost status | Source of classification or shelving scheme | Damaged status | Not for loan | Permanent Location | Current Location | Shelving location | Date acquired | Total Checkouts | Full call number | Barcode | Date last seen | Price effective from | Koha item type |
|---|---|---|---|---|---|---|---|---|---|---|---|---|---|---|
| Pakistan Navy Engineering College (PNEC) | Pakistan Navy Engineering College (PNEC) | Reference | 621.38 COC | PNECLIB-001420 | 10/27/2014 | Book |
